000 00749nam a2200217Ia 4500
003 GCL
005 20240530101812.0
008 140319s9999 xx 000 0 ara d
040 _aGCL /
_cGCL
082 0 4 _a415.1
_bا ج
100 1 _aالسيد احمد الهاشمى
245 1 0 _aجواهر البلاغـة في المعـانـي والبيـان والبديــع /
_cالسيد احمد الهاشمى
260 _a[ بيروت ] :
_bدار الكتب العلمية للنشر والتوزيع ،
_cد ت
300 _a343 ص؛
_b24 سم
650 0 4 _aالنحو
650 0 4 _aالبلاغة العربية
650 0 4 _aالبديع
650 0 4 _aالبيان
650 0 4 _aفقه اللغة المقارن
942 _2ddc
_cBK
999 _c27806
_d27806